• 首页
  • 本馆介绍
  • 公告通知
  • 最新文献
  • 馆藏检索
  • 电子资源
  • 读者导购
  • 参考咨询
  • 我的图书馆
  • 登录
  • 详细信息显示
  • 放入我的书架
  • 预约/预借图书
  • 作者相关作品
  • 分类相关作品
  • 丛书相关作品
  • 出版社相关作品

书目信息

  • 表格格式
  • 工作单格式
  • 卡片格式
题名:
新能源汽车电学基础与高压安全
    
 
作者: 汤爱国 , 陈静 , 李苏婷 主编
分册:  
出版信息: 上海   同济大学出版社  2020.4
页数: 182页
开本: 29cm
丛书名:
单 册:
中图分类: U469.7
科图分类:
主题词: 新能源--汽车--电气设备--教材 , 新能源--汽车--安全技术--教材
电子资源:
ISBN: 978-7-5608-9082-1
000 01009nam0 2200277 45
001 012001000875
005 20130912091755.0
010    @a978-7-5608-9082-1@dCNY46.00
100    @a20210203d2020 em y0chiy50 ea
101 0  @achi
102    @aCN@b310000
105    @aa z 000yy
106    @ar
200 1  @a新能源汽车电学基础与高压安全@Axin neng yuan qi che dian xue ji chu yu gao ya an quan@f汤爱国,陈静,李苏婷主编
210    @a上海@c同济大学出版社@d2020.4
215    @a182页@c图@d29cm
300    @a全国“十三五”新能源汽车专业规划精品教材 21世纪全国新能源汽车专业优秀教材
330    @a本书共分为五个项目,内容包括:电学与高压安全基础知识、新能源汽车常用仪器仪表的使用、新能源汽车高压系统认知等。
606 0  @a新能源@x汽车@x电气设备@j教材
606 0  @a新能源@x汽车@x安全技术@j教材
690    @aU469.7@v5
701  0 @a汤爱国@Atang ai guo@4主编
701  0 @a陈静@Achen jing@4主编
701  0 @a李苏婷@Ali su ting@4主编
801  0 @aCN@bBJSDL@c20211011
905    @b1336080-2@dU469.7@e1057@f3
    
    新能源汽车电学基础与高压安全/汤爱国,陈静,李苏婷主编.-上海:同济大学出版社,2020.4
    182页:图;29cm
    全国“十三五”新能源汽车专业规划精品教材 21世纪全国新能源汽车专业优秀教材
    
    ISBN 978-7-5608-9082-1:CNY46.00
    本书共分为五个项目,内容包括:电学与高压安全基础知识、新能源汽车常用仪器仪表的使用、新能源汽车高压系统认知等。
●
相关链接 在E读中查询图书 在五车中查询图书 在当当中查询图书 在豆瓣中查询图书


正题名:新能源汽车电学基础与高压安全     索取号:U469.7/1057         预约/预借

序号 登录号 条形码 馆藏地/架位号 状态 备注
1 1336080   213360806   第二样本阅览室/ [索取号:U469.7/1057] 在馆    
2 1336081   213360815   第三借阅区/ [索取号:U469.7/1057] 在馆    
3 1336082   213360824   第三借阅区/ [索取号:U469.7/1057] 在馆    
唐山师范学院图书馆 欢迎您!
大连网信软件有限公司© 版权所有